000 00389nam a22001697a 4500
003 NUST
020 _a9788131508237
038 _akhadija
082 _a530.8
_bDOT
100 _aDotson, Connie
_982592
245 _aDimensional Metrology
260 _aNew Delhi :
_bCengage Learning,
_c2012.
300 _a578 p. ;
_b24 cm.
500 _aPaperback.
563 _aP.B
942 _cBK
_2ddc
999 _c33719
_d33719